000 00516nam a22001577a 4500
020 _a9789502324913
080 _a341 B 868
100 _aBuis, Emiliano J.
245 _aLa Súplica de Eris
_bDerecho internacional, Discurso Normativo y restricciones de la Guerra en la antigua Grecia
260 _aCiudad Autónoma de Buenos Aires
_bEudeba
_c2015
300 _a344 P.
_c23 X 16 Cm.
490 _aTesis
650 _xderecho internacional
_xderecho en Grecia
_xPólis griega
945 _acd
_d2016-08-10
999 _c4373
_d234877
942 _6_